| 000 | 00755nam a2200289Ia 4500 | ||
|---|---|---|---|
| 001 | Z_1621 | ||
| 003 | CHAP | ||
| 008 | 220113s1990 xx 000 0 und d | ||
| 010 | _a164708 | ||
| 040 | _cCHAP | ||
| 082 | _a633.2 H49 | ||
| 100 |
_aHerrera, R S _954973 |
||
| 245 |
_aKing grass : plantación, establecimiento y manejo en Cuba / _cpor R. S. Herrera... [y otros] |
||
| 260 |
_aLa Habana : _bInstituto de Ciencia Animal, _c1990 |
||
| 300 | _a242 p | ||
| 440 | _a | ||
| 500 | _a | ||
| 503 | _a | ||
| 650 |
_aPastos _xCuba _986013 |
||
| 650 |
_aPennisetum purpureum I. Instituto de Ciencia Animal. La Habana II. t. _9138784 |
||
| 901 | _a633.2 H49 | ||
| 902 | _aA | ||
| 910 | _a1990 | ||
| 942 | _c1 | ||
| 942 | _cc1 | ||
| 999 |
_c164708 _d164708 |
||